00940cam a2200265 a 4500001001000000003000400010005001700014008004100031040002500072041001300097082001800110100002700128240005300155245011500208260004700323300002800370490002200398500001800420500006100438534006300499651004000562700002800602700002300630830002100653000005703OSt20200929151743.0740301s1973 xxu a 001 0 eng  aDO-SdBNPbspacBNPHU17aenghspa a972.95bR485h1 aRibes Tovar, Federico.10aHistoria cronológica de Puerto Rico.lInglés10aA chronological history of Puerto Rico /cFederico Ribes Tovar ; traducción, Anthony Rawlings y Peter Bloch. aNew York :bPlus Ultra Educational,c1973. a589 p. :bil. ;c18 cm.1 aPlus Ultra ;v6 ; aIncluye idice aTraducción de la Historia cronológica de Puerto Rico aTítulo original:tHistoria cronológica de Puerto Rico. 4aPuerto RicoxHistoriaxCronologìa12aRawlings, Anthony,etr.12aBloch, Peter,etr. 0aPlus Ultra ;n6.